| 000 | 00412 a2200145 4500 | ||
|---|---|---|---|
| 999 |
_c5863 _d5863 |
||
| 020 | _a8120323173 | ||
| 050 | _aQA765.MAT 2003 | ||
| 100 |
_aMathivanan., N _eauthor |
||
| 245 |
_aMicroprocessors, PC Hardware and Interfacing / _cN Mathivanan |
||
| 264 |
_aNew Delhi : _bPrentice hall of India., _c2003 |
||
| 300 | _axv., 518pages | ||
| 500 | _alncludes index | ||
| 650 | _acomputers | ||
| 942 |
_2lcc _cBK _h765 _iMAT _kQA |
||